书目信息 |
| 题名: |
蘑菇云:恐怖中的和平 第三部 恐怖中的颤抖
|
|
| 作者: | 舒涵 编著 | |
| 分册: | ||
| 出版信息: | 北京 中国档案出版社 2000.01 |
|
| 页数: | 332页 | |
| 开本: | 32开 | |
| 丛书名: | ||
| 单 册: | ||
| 中图分类: | D815.1 | |
| 科图分类: | ||
| 主题词: | 国际关系 | |
| 电子资源: | ||
| ISBN: | 7-80019-822-7 | |
| 000 | 00614nam0 2200193 45 | |
| 001 | 0010262017 | |
| 005 | 20001026205111.7 | |
| 010 | @a7-80019-822-7@d18.30元 | |
| 100 | @a20001026d2000 km y0chiy0120 ea | |
| 101 | 0 | @achi |
| 105 | @a z 000yy | |
| 200 | 1 | @a蘑菇云:恐怖中的和平 第三部 恐怖中的颤抖@AMo Gu Yun:Kong Bu Zhong De He Ping Di San Bu Kong BuZhong De Chan Dou@f舒涵编著@FShu Han Bian Zhu |
| 210 | @a北京@c中国档案出版社@d2000.01 | |
| 215 | @a332页@d32开 | |
| 606 | 0 | @a国际关系 |
| 690 | @aD815.1@v3 | |
| 701 | 0 | @a舒涵@4编著 |
| 801 | @aCN@bPftUser@c20001026 | |
| 905 | @dD815.1@eSH.190:3@b192559-561@f3 | |
| 蘑菇云:恐怖中的和平 第三部 恐怖中的颤抖/舒涵编著.-北京:中国档案出版社,2000.01 |
| 332页;32开 |
| ISBN 7-80019-822-7:18.30元 |
| ● |
| 相关链接 |
|
|
|
正题名:蘑菇云:恐怖中的和平第三部恐怖中的颤抖
索取号:D815.1/SH.190:3
 
预约/预借
| 序号 | 登录号 | 条形码 | 馆藏地/架位号 | 状态 | 备注 |
| 1 | 192559 | 201925596 | 社科库509/509社科库 78排8列6层/ [索取号:D815.1/SH.190:3] | 在馆 | |
| 2 | 192560 | 201925603 | 社科库509/ [索取号:D815.1/SH.190:3] | 在馆 | |
| 3 | 192561 | 201925612 | 社科库509/ [索取号:D815.1/SH.190:3] | 在馆 |